000 00614nam a2200205Ia 4500
001 1694
003 GE_BSU
008 181216s||||||||xx |||||||||||||| ||und||
040 _cGE_BSU
080 _a811.353.1
100 _aნოღაიდელი, ჯ.
245 _aაჭარულიილოს თავისებურებანი
260 _aბათუმი
260 _bსახელგამი
260 _c1960
300 _a198 გვ. 21 სმ.
541 _h8 ლ.
653 _aაჭარული კილოს თავისებურებანი
942 _cBK
999 _c35806
_d35806